| 000 | 00767nas a2200265 4500 | ||
|---|---|---|---|
| 001 | BR8706326 | ||
| 003 | BR-BrBNA | ||
| 005 | 20231205090851.0 | ||
| 007 | ta | ||
| 008 | 230509b bl.|||p| |||| 00| 00por d | ||
| 040 |
_aBR-BrBNA _bpor _cBiblioteca Nacional de Agricultura |
||
| 041 | _a(Pt) | ||
| 072 | _aS01; S40; S30 | ||
| 100 | 1 | _aSena, E.N. | |
| 245 | 1 | _aMisturas soja/fuba: aceitabilidade por criancas | |
| 650 | _aALIMENTACAO | ||
| 650 | _aNUTRICAO HUMANA | ||
| 650 | _aCRIANCA | ||
| 650 | _aSUPLEMENTO ALIMENTAR | ||
| 650 | _aFUBA | ||
| 650 | _aSOJA | ||
| 773 | 0 |
_tAnais da Universidade Federal Rural de Pernambuco (Brazil) _xISSN 0100-0292 _g(1981), v. 6 p. 91-110 _wBR8706326 |
|
| 909 |
_a202311 _bLúcia _c55 _dLúcia Elande |
||
| 942 |
_2AGRIS _n0 _cANA |
||
| 999 |
_c121324 _d121324 |
||